Central Library OPAC University of Rajshahi

Microeconomics : (Record no. 42728)

MARC details
000 -LEADER
fixed length control field 00857nam a2200277 a 4500
001 - CONTROL NUMBER
control field 42728
003 - CONTROL NUMBER IDENTIFIER
rucl marc code BD-RjUL
005 - DATE AND TIME OF LATEST TRANSACTION
control field 20211209053601.0
008 - FIXED-LENGTH DATA ELEMENTS--GENERAL INFORMATION
fixed length control field 160615s1983 nyua 001 0 eng
020 ## - INTERNATIONAL STANDARD BOOK NUMBER
International Standard Book Number 0123110769
035 ## - SYSTEM CONTROL NUMBER
System control number (BD-RjUL)42846
040 ## - CATALOGING SOURCE
Original cataloging agency DLC
Transcribing agency DLC
Modifying agency BD-RjUL
Language of cataloging eng
041 ## - LANGUAGE CODE
Language code of text/sound track or separate title eng
082 00 - DEWEY DECIMAL CLASSIFICATION NUMBER
Classification number 338.5
Edition number 23
Author mark and year GWM 1983
100 1# - MAIN ENTRY--PERSONAL NAME
Personal name Gwartney, James D.
9 (RLIN) 131333
245 10 - TITLE STATEMENT
Title Microeconomics :
Remainder of title private and public choice /
Statement of responsibility, etc. James D. Gwartney, Richard Stroup, with the assistance of A.H. Studenmund.
250 ## - EDITION STATEMENT
Edition statement 3rd ed.
260 ## - PUBLICATION, DISTRIBUTION, ETC. (IMPRINT)
Place of publication, distribution, etc. New York :
Name of publisher, distributor, etc. Academic Press,
Date of publication, distribution, etc. c1983.
300 ## - PHYSICAL DESCRIPTION
Pagination xxii, 447 p. :
Illustrations ill. ;
Size 25 cm.
500 ## - GENERAL NOTE
General note Includes index.
650 #0 - SUBJECT ADDED ENTRY--TOPICAL TERM
Topical term or geographic name as entry element Microeconomics.
9 (RLIN) 116901
Topical term or geographic name as entry element Économie politique.
9 (RLIN) 131334
700 1# - ADDED ENTRY--PERSONAL NAME
Personal name Stroup, Richard.
Personal name Studenmund, A. H.
942 ## - ADDED ENTRY ELEMENTS (KOHA)
Source of classification or shelving scheme Dewey Decimal Classification
Koha item type Books
Holdings
Lost status Source of classification or shelving scheme Damaged status Not for loan Collection code Permanent Location Current Location Shelving location Date acquired Source of acquisition Total Checkouts Full call number Date last seen Copy number Koha item type
  Dewey Decimal Classification     Non-fiction Central Library, University of Rajshahi Central Library, University of Rajshahi   03/09/1988 Asia Foundation   338.5 GWM 1983 15/06/2016 C-2 Books